Ethics and morality in sport and physical education : an experiential approach /

Bibliographic Details
Main Author: Zeigler, Earle F.
Format: Book
Language:English
Published: Champaign, Ill. : Stipes Pub. Co., [1984]
Subjects:

MARC

Tag First Indicator Second Indicator Subfields
LEADER 00000cam a2200000 a 4500
001 in00000545521
005 20151014050752.0
008 840620s1984 ilu b 00110 eng d
020 |a 0875632475 
035 |a (OCoLC)10863232 
035 |9 ACJ0223AM 
040 |a NGU  |c NGU  |d TXA  |d UtOrBLW 
043 |a n-us--- 
049 |a TXAM  |c [1330191] 
090 |a GV14.35  |b .Z45 1984 
100 1 |a Zeigler, Earle F. 
245 1 0 |a Ethics and morality in sport and physical education :  |b an experiential approach /  |c by Earle F. Zeigler. 
264 1 |a Champaign, Ill. :  |b Stipes Pub. Co.,  |c [1984] 
264 4 |c ©1984 
300 |a xi, 362 pages ;  |c 23 cm. 
336 |a text  |b txt  |2 rdacontent 
337 |a unmediated  |b n  |2 rdamedia 
338 |a volume  |b nc  |2 rdacarrier 
504 |a Includes bibliographical references and index. 
650 0 |a Physical education and training  |x Moral and ethical aspects. 
999 |a MARS 
999 f f |s 14105f21-a150-3cd7-8a92-37c928034682  |i e6ce584b-dc35-3d95-ae82-580a07d09adf  |t 0 
952 f f |p ric  |a Texas A&M University  |b Rellis Campus  |c Joint Library Facility  |d Remote Storage  |t 0  |e GV14.35 .Z45 1984  |h Library of Congress classification  |i unmediated -- volume  |m A14808230046 
998 f f |a GV14.35 .Z45 1984  |t 0  |l Remote Storage